|
|
|
|
| LEADER |
01425nam a2200265 a 4500 |
| 001 |
17540715 |
| 008 |
130415s2012 bg ab b 100 0 eng d |
| 010 |
|
|
|a 2012339875
|
| 040 |
|
|
|a DLC
|c DLC
|d DLC
|d BD-DhAAL
|
| 082 |
0 |
0 |
|a 551.6
|2 22
|
| 111 |
2 |
|
|a Seminar on Climate Change Impact and Adaptation
|n (1st :
|d 2012 :
|c DUET)
|
| 245 |
1 |
0 |
|a Proceeding of the 1st Seminar on Climate Change Impact and Adaptation :
|b 12-13 June 2012 DUET, Gazipur /
|c edited by Md. Showkat Osman ... [et al.].
|
| 246 |
1 |
|
|i At head of title:
|a CCIA-2012
|
| 246 |
3 |
0 |
|a Proceeding of the first Seminar on Climate Change Impact and Adaptation
|
| 246 |
1 |
8 |
|a Climate change impact and adaptation
|
| 260 |
|
|
|a Gazipur :
|b Center for Climate Change and Sustainability Reseach, Dept. of Civil Engineering, Dhaka University of Engineering and Technology,
|c 2012.
|
| 300 |
|
|
|a 277 p. :
|b ill., maps ;
|c 24 cm.
|
| 504 |
|
|
|a Includes bibliographical references.
|
| 541 |
|
|
|e 00026787
|
| 650 |
|
0 |
|a Climatic changes
|x Environmental aspects
|
| 700 |
1 |
|
|a Osman, Mohammad Showkat.
|
| 710 |
2 |
|
|a Dhaka University of Engineering and Technology.
|b Center for Climate Change and Sustainability Research.
|
| 852 |
1 |
|
|a Ayesha Abed Library
|c General shelf.
|
| 999 |
|
|
|c 13370
|d 13370
|
| 952 |
|
|
|0 0
|1 0
|2 ddc
|4 0
|6 551_600000000000000_PRO
|7 0
|9 22286
|a IGS
|b IGS
|c GEN
|d 2012-04-22
|e A H Development Publishing House
|g 500.00
|l 1
|m 2
|o 551.6 PRO
|p 3010026787
|r 2014-06-10
|s 2013-05-07
|t 1
|w 2012-04-22
|y BK
|